000 00974nam a22002777i 4500
003 EG-GICUC
005 20260204212540.0
008 260204s1820 fr ||||fr|||| 000 0 fre d
040 _aEG-GiCUC
_bfre
_cEG-GiCUC
_dEG-GiCUC
_eRda
082 0 4 _221
_a341.8
_bVA . D
092 0 4 _221
099 _aLaw1 12 341.8 VA . D 1820
100 1 _aVattel, Par
_eAuteur
245 1 3 _aLe Droit Des Gens :
_bOu Principes De La Loi Naturelle Appliqués a La Conduite Et Aux Affaires Des Nations Et Des Souverains /
_cPar Vattel.
_n
264 1 _aparis :
_bChez Janet Et Cotelle, Libraires,
_c1820.
300 _a495page :
_billustration ;
_c 24 cm.
336 _2rda contenu
_a texte
337 _2rda medias
_aOrdinateur
338 _2 transporteur rda
_a Ressource en ligne
546 _aTexte en français
650 1 4 _aDroit international privé
_2
651 1 _2
856 4 0 _uhttps://fll.law.cu.edu.eg/fulltext/bks/B12-02651.pdf
905 _a50
942 _2ddc
_cBK
_e21
_n0
999 _c61159
_d61159